Most Populous US Cities That Start With A - Statistics

General Stats
  • This quiz has been taken 58 times
  • The average score is 8 of 10
Answers on the Map
Answers color-coded by a green-red scale on the quiz's map according to % correct below.
 
Answer Stats
Population City % Correct
283,424 Anchorage
100%
498,386 Atlanta
100%
983,126 Austin
98%
557,161 Albuquerque
93%
341,817 Anaheim
80%
186,888 Akron
76%
400,325 Aurora
69%
202,192 Augusta-Richmond County
67%
202,075 Amarillo
59%
394,992 Arlington
56%
No matching quizzes found
Score Distribution
Percent of People with Each Score
Percentile by Number Answered
Your Score History
You have not taken this quiz